Rosa Inter 21/22 - Statistics

Statistiche generali
  • Questo quiz è stato fatto 274 volte
  • Il punteggio medio è 19 su 25
Statistiche sulle risposte
Maglia Giocatore % Corretto
1 Handanovic
99%
23 Barella
97%
10 Lautaro
97%
95 Bastoni
94%
77 Brozovic
94%
37 Skriniar
93%
6 De Vrij
90%
9 Dzeko
88%
2 Dumfries
86%
19 Correa
85%
36 Darmian
85%
14 Perisic
85%
32 Dimarco
84%
97 Radu
82%
33 D'Ambrosio
81%
7 Sanchez
80%
20 Calhanoglu
74%
5 Gagliardini
73%
13 Ranocchia
62%
21 Cordaz
60%
22 Vidal
58%
18 Gosens
57%
8 Vecino
57%
11 Kolarov
40%
88 Caicedo
37%
Nessun quiz corrispondente trovato
Distribuzione punteggi
Percentuale di utenti per punteggio
Percentile per numero di risposta
I tuoi punteggi nel tempo
Non hai fatto questo quiz